LEADER 01023nam0-22003971i-450- 001 990003025930403321 010 $a0-333-39197-7 035 $a000302593 035 $aFED01000302593 035 $a(Aleph)000302593FED01 035 $a000302593 100 $a20000920d1987----km-y0itay50------ba 101 0 $aita 102 $aIT 200 1 $aChange and Challenge in the World Economy$fBela Balassa.. 205 $areprinted. 210 $aHoundsmill$aLondon$cMacmillan$d1987. 215 $aXXVIII, 484 p., c. di tavole$d22 cm 610 0 $aCorea 676 $aF/1.21 676 $aF/1.321 676 $aF/1.331 676 $aF/1.412 676 $aF/1.421 676 $aF/1.425 676 $aF/3.2 676 $aN/1.4 702 1$aBalassa,$bBela A.$f<1928-1991> 801 0$aIT$bUNINA$gRICA$2UNIMARC 901 $aBK 912 $a990003025930403321 952 $aF/32 BAL$b4884$fSES 959 $aSES 996 $aChange and Challenge in the World Economy$9463879 997 $aUNINA DB $aING01 LEADER 02416nam 2200577 450 001 9910788753903321 005 20170918221625.0 010 $a1-4704-0093-6 035 $a(CKB)3360000000464700 035 $a(EBL)3113815 035 $a(SSID)ssj0000889157 035 $a(PQKBManifestationID)11521347 035 $a(PQKBTitleCode)TC0000889157 035 $a(PQKBWorkID)10875857 035 $a(PQKB)10825300 035 $a(MiAaPQ)EBC3113815 035 $a(RPAM)4417368 035 $a(PPN)195413997 035 $a(EXLCZ)993360000000464700 100 $a20140903h19941994 uy 0 101 0 $aeng 135 $aur|n|---||||| 181 $ctxt 182 $cc 183 $acr 200 12$aA proof of the q-Macdonald-Morris conjecture for BCn /$fKevin W.J. Kadell 210 1$aProvidence, Rhode Island :$cAmerican Mathematical Society,$d1994. 210 4$dİ1994 215 $a1 online resource (93 p.) 225 1 $aMemoirs of the American Mathematical Society,$x0065-9266 ;$vVolume 108, Number 516 300 $a"March 1994, Volume 108, Number 516 (first of 5 numbers)." 311 $a0-8218-2552-6 320 $aIncludes bibliographical references. 327 $a""Table of Contents""; ""1. Introduction""; ""2. Outline of the proof and summary""; ""3. The simple roots and reflections of B[sub(n)] and C[sub(n)]""; ""4. The g-engine of our q-machine""; ""5. Removing the denominators""; ""6. The q-transportation theory for BC[sub(n)]""; ""7. Evaluation of the constant terms A, E, K, F and Z""; ""8. q-analogues of some functional equations""; ""9. g-transportation theory revisited""; ""10. A proof of Theorem 4""; ""11. The parameter r""; ""12. The g-Macdonald-Morris conjecture for B[sub(n)], B[sup(v)][sub(n)], C[sub(n)], C[sup(v)][sub(n)] and D[sub(n)]"" 327 $a""13. Conclusion"" 410 0$aMemoirs of the American Mathematical Society ;$vVolume 108, Number 516. 606 $aBeta functions 606 $aDefinite integrals 606 $aSelberg trace formula 615 0$aBeta functions. 615 0$aDefinite integrals. 615 0$aSelberg trace formula. 676 $a515/.52 700 $aKadell$b Kevin W. J.$f1950-$01479854 801 0$bMiAaPQ 801 1$bMiAaPQ 801 2$bMiAaPQ 906 $aBOOK 912 $a9910788753903321 996 $aA proof of the q-Macdonald-Morris conjecture for BCn$93759962 997 $aUNINA